Combien de ville de Guadeloupe (971) connais-tu ? - Statistiques

Statistiques générales
  • Ce quiz a été pris 238 fois
  • Le résultat moyen est 19 sur 32
Statistiques - réponses
Code postal Ville % Correct
97159 Pointe-à-Pitre
92%
97100 Basse-Terre
87%
97180 Sainte-Anne
85%
97118 Saint-François
82%
97190 Le Gosier
76%
97139 Les Abymes
76%
97160 Le Moule
75%
97115 Sainte-Rose
68%
97306 Baie-Mahault
67%
97170 Petit-Bourg
67%
97121 Anse-Bertrand
66%
97126 Deshaies
65%
97111 Morne-à-l'Eau
65%
97129 Lamentin
62%
97116 Pointe-Noire
62%
97125 Bouillante
61%
97130 Capesterre-Belle-Eau
59%
97114 Trois-Rivières
59%
97128 Goyave
57%
97117 Port-Louis
57%
97131 Petit-Canal
56%
97119 Vieux-Habitants
56%
97137 Terre-de-Haut
53%
97100 Saint-Claude
52%
97136 Terre-de-Bas
52%
97123 Baillif
48%
97113 Gourbeyre
48%
97127 La Désirade
47%
97450 Saint-Louis
38%
97141 Vieux-Fort
38%
97112 Grand-Bourg
37%
97140 Capesterre-de-Marie-Galante
29%
Aucun quiz correspondant
Distribution des résultats
% des personnes avec chaque résultat
Percentile par nombre de réponses
Votre historique - résultats
Vous n’avez pas pris ce quiz